000 00657nam a2200181Ia 4500
008 100920s9999 xx 000 0 und d
082 _b108620
_a--- न 10
100 _aपांढरीपांडे विजय.
245 _aआकाश माझ्या मुठीत आहे.
260 _bनवल प्रकाशन पुणे-30.
_c2010
300 _a96
_bसाधी
365 _b100
520 _aकादंबरी.
630 _aआकाश माझ्या मुठीत आहे.
650 _aकादंबरी.
730 _aआकाश माझ्या मुठीत आहे.
942 _cBOOK
999 _c749039
_d749036